000
00204nam a2200109Ia 4500
100
_a
FORSYTH/FREDERICK
942
_c
BK
245
_a
FOURTH PROTOCOL
260
_b
#N/A
546
_a
ENGLISH
999
_c
35314
_d
35314